000 00325nam a22001337a 4500
020 _a0-340-89470-9
082 _a823
_bBLY/F
100 _aENID BLYTON
245 _aTHE FAMOUS FIVE
_bFIVE GET INTO A FIX
260 _aGREAT BRITAIN
_bHODDER CHILDRENS BOOKS
300 _a250
650 _aADVENTURE
_zUNITED KINGDOM
942 _cBK
999 _c188
_d188